000 00641nam a2200241Ia 4500
003 OSt
005 20220925224543.0
006 a|||||r|||| 00| 0
007 ta
008 220923b |||||||| |||| 00| 0 eng d
020 _a0710211848
037 _cGeneral Book
040 _aRTL
_cRTL
_beng
041 _2eng
_aeng
082 _aY, M6/TD
100 _aDouglas Mary
_9136915
245 0 _aHow institutions think.
260 _aLondon
_bRoutledge and Kegan Paul
_c1986
300 _axi,146p.
_ccm.
500 _aBibliography : P 129-139
942 _hY, M6/TD
_cGB
_2CC
999 _c581727
_d581727